[Event "Robecchetto Primavera op 12th"]
[Site "Robecchetto"]
[Date "2015.05.14"]
[Round "6"]
[White "Cecchini, Massimo S"]
[Black "Moroni, Luca"]
[Result "0-1"]
[WhiteElo "1757"]
[BlackElo "1824"]
[PlyCount "100"]
[EventDate "2015.04.02"]
[EventType "swiss"]
[EventRounds "7"]
[EventCountry "ITA"]
[SourceTitle "EXT 2017"]
[Source "ChessBase"]
[SourceDate "2016.10.25"]
[SourceVersion "1"]
[SourceVersionDate "2016.10.25"]
[SourceQuality "1"]

1. d4 c5 2. d5 d6 3. c4 Nf6 4. Nc3 g6 5. e4 Bg7 6. Nf3 0-0 7. Be2 Bg4 8. Be3 Nbd7 9. 0-0 a6 10. Qd2 Rb8 11. a4 Bxf3 12. Bxf3 Ne5 13. Be2 Neg4 14. Bf4 h5 15. h3 Ne5 16. Bxe5 dxe5 17. f3 Kh7 18. Bd1 Bh6 19. Qd3 h4 20. Ne2 Nh5 21. Bc2 Qd6 22. Rad1 Rfd8 23. Qa3 b5 24. cxb5 axb5 25. Qc3 bxa4 26. Bxa4 Rb4 27. Ra1 Rdb8 28. Rfb1 c4 29. Ra2 Bg7 30. Qe3 Bh6 31. Qf2 Ng3 32. Nc3 Qf6 33. Bd1 Bf4 34. Be2 Qg5 35. Nd1 c3 36. Bd3 cxb2 37. Raxb2 Rxb2 38. Rxb2 Rxb2 39. Qxb2 Be3+ 40. Kh2 Bd4 41. Qc2 Qf4 42. Nf2 Nf1+ 43. Kg1 Ne3 44. Qd2 Nxg2 45. Qxf4 Nxf4 46. Bf1 Kg7 47. Bg2 Kf6 48. Kf1 Bxf2 49. Kxf2 Nxg2 50. Kxg2 Kg5 0-1

[Event "Vescovato Gerolamo op-B 13th"]
[Site "Vescovato"]
[Date "2014.04.26"]
[Round "4"]
[White "Cecchini, Massimo S"]
[Black "Folcini, Gaddo"]
[Result "1-0"]
[WhiteElo "1749"]
[BlackElo "1620"]
[PlyCount "115"]
[EventDate "2014.04.25"]
[EventType "swiss"]
[EventRounds "6"]
[EventCountry "ITA"]
[SourceTitle "EXT 2024"]
[Source "ChessBase"]
[SourceDate "2023.10.10"]
[SourceVersion "1"]
[SourceVersionDate "2023.10.10"]
[SourceQuality "1"]

1. Nf3 e5 2. Nxe5 Nf6 3. d3 Nc6 4. Nf3 d5 5. Bg5 Bg4 6. Nbd2 h6 7. Bh4 g5 8. Bg3 Bd6 9. Bxd6 Qxd6 10. e3 0-0-0 11. Be2 Rde8 12. d4 Bh5 13. c3 Ng4 14. h3 Nxe3 15. fxe3 Qg3+ 16. Kf1 Rxe3 17. Qe1 Qf4 18. Qf2 Rhe8 19. Re1 f5 20. g3 Qd6 21. Kg2 f4 22. g4 Bg6 23. Bb5 h5 24. Rxe3 fxe3 25. Qe2 exd2 26. Qxd2 h4 27. Qf2 Be4 28. Rf1 Rf8 29. Kg1 Rxf3 30. Qe1 Rg3+ 31. Kf2 Qf4+ 32. Ke2 Qe3+ 33. Kd1 Qd3+ 34. Bxd3 Rxd3+ 35. Kc1 Rxh3 36. Qd2 Na5 37. Qxg5 b6 38. Qf4 Nc4 39. Re1 Rf3 40. Qh2 h3 41. g5 Rd3 42. Re2 Rf3 43. Qg1 Kb7 44. g6 Bd3 45. Re1 h2 46. Qxh2 Bxg6 47. Qg2 Be4 48. Qg4 Ka6 49. Qc8+ Kb5 50. Qxc7 Rf2 51. Qd7+ Ka6 52. Qa4+ Na5 53. b4 Bc2 54. Qxc2 Rxc2+ 55. Kxc2 Nc4 56. a4 b5 57. Re6+ Nb6 58. a5 1-0

[Event "Milan Befana op-B"]
[Site "Milan"]
[Date "2014.01.05"]
[Round "4"]
[White "Lavorgna, Francesco"]
[Black "Cecchini, Massimo S"]
[Result "0-1"]
[WhiteElo "1598"]
[BlackElo "1786"]
[PlyCount "128"]
[EventDate "2014.01.02"]
[EventType "swiss"]
[EventRounds "7"]
[EventCountry "ITA"]
[SourceTitle "EXT 2015"]
[Source "ChessBase"]
[SourceDate "2014.11.20"]
[SourceVersion "1"]
[SourceVersionDate "2014.11.20"]
[SourceQuality "1"]

1. d4 d5 2. c4 c6 3. Nc3 Nf6 4. Nf3 dxc4 5. a4 Bf5 6. Bg5 e6 7. e4 Bg4 8. e5 h6 9. Bxf6 gxf6 10. Bxc4 Nd7 11. 0-0 fxe5 12. Re1 Qf6 13. Ne4 Qg7 14. Qb3 Bxf3 15. Qxf3 exd4 16. Qb3 0-0-0 17. Rac1 Rg8 18. g3 Nb8 19. Nd2 Re8 20. Nf3 Bd6 21. Red1 Be5 22. Re1 Bf6 23. Nd2 Bg5 24. Re2 Re7 25. Rce1 Bxd2 26. Rxd2 Rge8 27. Re4 e5 28. Qb4 Nd7 29. a5 Nf6 30. Re1 Nd7 31. a6 b6 32. Rc1 Nf8 33. Bd5 c5 34. Qb5 Rd8 35. Be4 Rc7 36. b4 Ne6 37. bxc5 Nxc5 38. Bf5+ Kb8 39. Rdc2 Qf8 40. Qe2 Qd6 41. Qf3 Qe7 42. Be4 Rdd7 43. Bc6 Rd6 44. Rxc5 bxc5 45. Rb1+ Kc8 46. Qg4+ Qe6 47. Bb7+ Kd7 48. Qe4 Qg6 49. Qe1 f5 50. Bg2 e4 51. Qa5 Rxa6 52. Qb5+ Qc6 53. Qc4 Qe6 54. Qb5+ Ke7 55. Qb8 Qc8 56. Qb2 Rb6 57. Qa2 Rxb1+ 58. Qxb1 Rb7 59. Qa2 Qe6 60. Qa3 Qb6 61. h4 Kf6 62. Qa4 Qb5 63. Qa3 a5 64. Qa2 Qb1+ 0-1

[Event "Milan Befana op-B"]
[Site "Milan"]
[Date "2014.01.03"]
[Round "2"]
[White "Pirrello, Christian"]
[Black "Cecchini, Massimo S"]
[Result "1-0"]
[WhiteElo "1641"]
[BlackElo "1786"]
[PlyCount "49"]
[EventDate "2014.01.02"]
[EventType "swiss"]
[EventRounds "7"]
[EventCountry "ITA"]
[SourceTitle "EXT 2015"]
[Source "ChessBase"]
[SourceDate "2014.11.20"]
[SourceVersion "1"]
[SourceVersionDate "2014.11.20"]
[SourceQuality "1"]

1. d4 d5 2. c4 c6 3. Nc3 Nf6 4. cxd5 cxd5 5. Nf3 e6 6. Qb3 Nc6 7. e3 a6 8. Be2 Bd6 9. 0-0 0-0 10. Bd2 Na5 11. Qc2 Bd7 12. Rac1 Rc8 13. Qb1 Nc4 14. Bxc4 dxc4 15. e4 Bb8 16. Bg5 h6 17. Bh4 g5 18. Nxg5 hxg5 19. Bxg5 Bxh2+ 20. Kh1 Qa5 21. e5 Bxe5 22. dxe5 Qxe5 23. f4 Qf5 24. Qxf5 exf5 25. Bxf6 1-0

[Event "Robecchetto op-B 24th"]
[Site "Robecchetto"]
[Date "2013.12.28"]
[Round "3"]
[White "Coqueraut, Lodewyk"]
[Black "Cecchini, Massimo S"]
[Result "1-0"]
[WhiteElo "1724"]
[BlackElo "1786"]
[PlyCount "81"]
[EventDate "2013.12.27"]
[EventType "swiss"]
[EventRounds "6"]
[EventCountry "ITA"]
[SourceTitle "EXT 2015"]
[Source "ChessBase"]
[SourceDate "2014.11.20"]
[SourceVersion "1"]
[SourceVersionDate "2014.11.20"]
[SourceQuality "1"]

1. d4 d5 2. c4 c6 3. Nc3 Nf6 4. Nf3 e6 5. cxd5 exd5 6. a3 Bf5 7. e3 Nbd7 8. Be2 Bd6 9. b4 a6 10. Bb2 Nb6 11. Qb3 0-0 12. a4 Qe7 13. Ba3 Be6 14. a5 Nc8 15. Na4 Ne4 16. Nc5 Na7 17. Qb2 Bg4 18. h3 Bh5 19. g4 Bg6 20. h4 h5 21. Ne5 Bxe5 22. dxe5 hxg4 23. Bxg4 Nxc5 24. bxc5 Nb5 25. Bb4 f6 26. exf6 Rxf6 27. h5 Be4 28. Rh3 Raf8 29. Rh2 Qc7 30. f4 Qe7 31. 0-0-0 Bf5 32. Bxf5 Qxe3+ 33. Bd2 Qxc5+ 34. Bc2 Re8 35. h6 Rxh6 36. Rxh6 gxh6 37. Rh1 Re6 38. f5 Re2 39. Kd1 Qf2 40. Bxh6 d4 41. Bb3+ 1-0

[Event "Robecchetto Autunn op 10th"]
[Site "Robecchetto"]
[Date "2013.10.24"]
[Round "4"]
[White "Puricelli, Roberto"]
[Black "Cecchini, Massimo S"]
[Result "0-1"]
[WhiteElo "1489"]
[BlackElo "1780"]
[PlyCount "136"]
[EventDate "2013.10.03"]
[EventType "swiss"]
[EventRounds "7"]
[EventCountry "ITA"]
[SourceTitle "EXT 2015"]
[Source "ChessBase"]
[SourceDate "2014.11.20"]
[SourceVersion "1"]
[SourceVersionDate "2014.11.20"]
[SourceQuality "1"]

1. e4 c6 2. d4 d5 3. exd5 cxd5 4. Nf3 Nf6 5. Be2 Nc6 6. 0-0 Bg4 7. h3 Bh5 8. Bf4 e6 9. c3 Be7 10. Nbd2 Nd7 11. Re1 a6 12. Bh2 Bg6 13. Ne5 Ncxe5 14. dxe5 0-0 15. Nf3 Rc8 16. Nd4 Qb6 17. Qb3 Qc7 18. a3 Nc5 19. Qd1 Qb6 20. Ra2 Nd7 21. Bd3 Bxd3 22. Qxd3 Rc7 23. Qc2 Rfc8 24. Qb3 Bc5 25. Qxb6 Bxb6 26. Rd1 Rc4 27. Nf3 Nc5 28. Nd2 Rh4 29. Kf1 Rh5 30. Bg3 Rf5 31. Re1 Nd3 32. Re2 Nc1 33. Ra1 Nxe2 34. Kxe2 h5 35. Nf3 g5 36. Rd1 g4 37. hxg4 hxg4 38. Nd4 Rh5 39. Ke3 Rh7 40. Kf4 Bxd4 41. Rxd4 Rg7 42. Rd1 Rc4+ 43. Ke3 Kf8 44. Kd3 Ke7 45. Rh1 Kd7 46. Rh8 Rc8 47. Rxc8 Kxc8 48. Bf4 Kd7 49. b4 Kc6 50. a4 Rg6 51. g3 f6 52. exf6 Rxf6 53. Kd4 Rf5 54. a5 b6 55. axb6 Kxb6 56. Be3 Kb5 57. Kd3 e5 58. Bc5 Ka4 59. Kc2 e4 60. Be3 Rh5 61. Bd4 Rh1 62. Kd2 Kb3 63. Be3 Rh7 64. Bd4 Rf7 65. Be3 Rf3 66. Bd4 Rd3+ 67. Ke2 Kc4 68. Ke1 Rxd4 0-1

[Event "Crema op 10th"]
[Site "Crema"]
[Date "2008.09.06"]
[Round "4"]
[White "Cecchini, Massimo S"]
[Black "Martino, Antonio M"]
[Result "1/2-1/2"]
[WhiteElo "1762"]
[BlackElo "2007"]
[PlyCount "54"]
[EventDate "2008.09.05"]
[EventType "swiss"]
[EventRounds "6"]
[EventCountry "ITA"]
[SourceTitle "EXT 2011"]
[Source "ChessBase"]
[SourceDate "2010.11.26"]
[SourceVersion "1"]
[SourceVersionDate "2010.11.26"]
[SourceQuality "1"]

1. d4 Nf6 2. c4 g6 3. Nc3 d5 4. Nf3 Bg7 5. Qb3 dxc4 6. Qxc4 0-0 7. e4 Bg4 8. Be2 Nfd7 9. Be3 Nb6 10. Qd3 Nc6 11. Rd1 Qd7 12. 0-0 Rad8 13. d5 Bxf3 14. dxc6 Qxd3 15. Rxd3 Bxe2 16. Rxd8 Rxd8 17. Nxe2 bxc6 18. b3 Rd6 19. f3 a6 20. Kf2 Nd7 21. f4 e5 22. g3 h5 23. Rc1 Nf6 24. Kf3 Ng4 25. h3 Nxe3 26. Kxe3 exf4+ 27. gxf4 Bh6 1/2-1/2

[Event "Ceriano Laghetto op-B 15th"]
[Site "Ceriano Laghetto"]
[Date "2006.04.01"]
[Round "3"]
[White "Nardone, Massimo"]
[Black "Cecchini, Massimo S"]
[Result "0-1"]
[WhiteElo "1910"]
[BlackElo "1676"]
[PlyCount "180"]
[EventDate "2006.03.31"]
[EventType "swiss"]
[EventRounds "5"]
[EventCountry "ITA"]
[SourceTitle "EXT 2011"]
[Source "ChessBase"]
[SourceDate "2010.11.26"]
[SourceVersion "1"]
[SourceVersionDate "2010.11.26"]
[SourceQuality "1"]

1. c4 Nf6 2. Nf3 e6 3. g3 d5 4. b3 g6 5. Bb2 Bg7 6. Bg2 0-0 7. 0-0 Nbd7 8. d4 c5 9. dxc5 Nxc5 10. cxd5 exd5 11. Nc3 Re8 12. Nd4 Ne6 13. Nc2 Nc7 14. Nb4 Be6 15. Rc1 Qd7 16. Nd3 Rad8 17. Rc2 Qe7 18. Qd2 Bf5 19. Rfc1 Ne6 20. Nb5 Ne4 21. Qa5 Bxb2 22. Rxb2 Rc8 23. Rbc2 Rxc2 24. Rxc2 a6 25. Nc7 Nxc7 26. Qxc7 d4 27. Rc4 Nc3 28. Qxe7 Rxe7 29. e4 Ne2+ 30. Kf1 Bxe4 31. Bxe4 Rxe4 32. Nc5 Re7 33. Nxb7 d3 34. Rc8+ Kg7 35. Nc5 d2 36. Rd8 Nxg3+ 37. Kg2 Nf1 38. Kxf1 Re1+ 39. Kg2 d1Q 40. Rxd1 Rxd1 41. Nxa6 Kf6 42. Nc5 Ke5 43. b4 Kd5 44. Nd7 Kc6 45. Ne5+ Kb5 46. Nxf7 Kxb4 47. Ng5 h5 48. Ne6 Rd6 49. Nf4 Kc4 50. Kg3 Kd4 51. Kh4 Rf6 52. Nh3 Rf5 53. a4 Ke5 54. a5 Kf6 55. a6 Ra5 56. Nf4 Rxa6 57. Kg3 Kf5 58. Ne2 Ra4 59. h3 g5 60. Kg2 h4 61. Nc3 Rc4 62. Nd5 Ke4 63. Nf6+ Kd3 64. Ng4 Kd2 65. Ne5 Rc5 66. Nf3+ Kd3 67. Nh2 Ke2 68. Nf3 Rd5 69. Ng1+ Kd1 70. Nf3 Rf5 71. Ng1 Rf4 72. Nf3 Ke2 73. Ng1+ Ke1 74. Nf3+ Kd1 75. Ng1 g4 76. hxg4 Rxg4+ 77. Kh2 Ke1 78. Nh3 Kf1 79. Kh1 Rg2 80. f4 Rg3 81. Kh2 Ke2 82. Ng5 Ke3 83. Ne6 Ke4 84. Kh1 Kf5 85. Nd4+ Kg4 86. f5 Rd3 87. Nc2 Kxf5 88. Nb4 Rd2 89. Nc6 Kg4 90. Ne5+ Kg3 0-1